Tóm tắt tác phẩm văn chương trong nhà trường
Đã lưu trong:
| Tác giả khác: | |
|---|---|
| Định dạng: | Sách |
| Ngôn ngữ: | English |
| Được phát hành: |
Khánh Hoà
Nxb. Tổng hợp Khánh Hoà
1991
|
| Những chủ đề: | |
| Các nhãn: |
Thêm thẻ
Không có thẻ, Là người đầu tiên thẻ bản ghi này!
|
| Thư viện lưu trữ: | Trung tâm Học liệu Lê Vũ Hùng, Trường Đại học Đồng Tháp |
|---|
| LEADER | 00720pam a22002058a 4500 | ||
|---|---|---|---|
| 001 | 00025487 | ||
| 005 | 20171026081022.0 | ||
| 008 | 110805s1991 ||||||engsd | ||
| 041 | 0 | # | |a eng |
| 082 | 1 | 4 | |a 807 |b T430T |
| 245 | 0 | 0 | |a Tóm tắt tác phẩm văn chương trong nhà trường |c Lê Gia Khánh...[và nh.ng.khác] |
| 260 | # | # | |a Khánh Hoà |b Nxb. Tổng hợp Khánh Hoà |c 1991 |
| 300 | # | # | |a 116 p. |c 21 cm. |
| 650 | # | 4 | |a Trường phổ thông |
| 650 | # | 4 | |a Văn học |
| 700 | 1 | # | |a Lê Thị Hồng Châu |
| 852 | # | # | |b Kho đọc |j KD.0010422 |
| 852 | # | # | |j KD.0010422 |
| 910 | |d 05/08/2011 | ||
| 980 | # | # | |a Trung tâm Học liệu Lê Vũ Hùng, Trường Đại học Đồng Tháp |